000 00513cam a2200205ua 4500
001 6506
005 20260515114048.0
008 131216n ii |||gr||||Z||||||eng
020 _a81-258-2588-7
040 _cMAIN
082 _a346.066
245 _aCompany law
_cBy Ashok K. Bagrial
250 _a20th rev. ed.
260 _aNew delhi:
_bVikas publishing house pvt ltd,
_c2007.
300 _axiii,649p.
653 _aCommerce
653 _aCompany law
700 _aBagrial,Ashok K.,
_eAuthor.
942 _cBK
999 _c5650
_d5650